000 00512nam a2200181 i 4500
001 128738
003 ES-MaACL
005 20230906193342.0
007 t|
008 070524s1958 sp ||||1| spa d
080 _a92:343.91(46)
100 1 _aTavera Baz, José María.
_9109420
245 1 3 _aEl libro de los bandoleros /
_cJosé María Tavera.
260 _aBarcelona :
_bMaucci,
_c[1958]
300 _a158 p. ;
_c21 cm.
650 1 4 _aBandoleros-
_zEspaña.
_910498
852 _aES-MaACL
_jC-16279
_bR.42446
999 _c128738
_d128738